[Event "East Detroit (MCO/3/51)"]
[Site "?"]
[Date "1985.??.??"]
[Round "?"]
[White "Feldman, J.."]
[Black "Torvik, D.."]
[Result "1-0"]
[WhiteElo "1605"]
[BlackElo "1605"]
[PlyCount "61"]
[EventDate "1985.??.??"]

{3/(51)} 1. e4 e5 2. Nf3 Nc6 3. Bc4 Bc5 4. Nc3 d6 5. h3 Nf6 6. d3 O-O 7. Bg5 h6
8. Bh4 Be6 9. Bxe6 fxe6 10. O-O Ne7 11. Na4 Bb6 12. Nxb6 axb6 13. Bg3 Ng6 14.
Re1 Nh5 15. Nxe5 Nxg3 16. Nxg6 Qf6 17. Nxf8 Rxf8 18. fxg3 Qxb2 19. Qg4 Qxc2 20.
Qxe6+ Kh7 21. Rf1 Rxf1+ 22. Rxf1 Qxd3 23. Qf5+ Kg8 24. Qd5+ Qxd5 25. exd5 c6
26. dxc6 bxc6 27. Rc1 c5 28. Rd1 Kf7 29. Rxd6 Ke7 30. Rxb6 Kd7 31. Rg6 1-0

[Event "East Detroit (MCO/1/26)"]
[Site "?"]
[Date "1985.??.??"]
[Round "?"]
[White "Feldman, J.."]
[Black "LaMar, Frank"]
[Result "0-1"]
[WhiteElo "1605"]
[BlackElo "1955"]
[PlyCount "50"]
[EventDate "1985.??.??"]

{1/(26)} 1. e4 c5 2. Nf3 d6 3. d4 cxd4 4. Nxd4 Nf6 5. Nc3 a6 6. Bc4 e6 7. Bg5
Be7 8. O-O b5 9. Bb3 Bb7 10. Re1 O-O 11. Qf3 Nbd7 12. Rad1 Qc7 13. Nde2 b4 14.
Nb1 Ne5 15. Qe3 Nc4 16. Bxc4 Qxc4 17. b3 Qxe4 18. Qxe4 Bxe4 19. Rd2 d5 20. c3
bxc3 21. Nbxc3 Bg6 22. Nf4 Bf5 23. Bh4 h6 24. Bg3 Bb4 25. Nce2 Bxd2 0-1

[Event "East Detroit (MCO/5/45)"]
[Site "?"]
[Date "1985.??.??"]
[Round "?"]
[White "Falkowski, Kenneth"]
[Black "Varner, M.."]
[Result "1/2-1/2"]
[WhiteElo "1605"]
[BlackElo "1605"]
[PlyCount "129"]
[EventDate "1985.??.??"]

{5/(45)} 1. d4 d5 2. c4 e6 3. Nc3 Bd6 4. cxd5 Bb4 5. dxe6 Bxe6 6. e4 c6 7. a3
Ba5 8. Nf3 Ne7 9. Be2 O-O 10. O-O Nd7 11. Re1 Nf6 12. e5 Nfd5 13. Bd2 Nxc3 14.
bxc3 Bc7 15. Qc2 Bf5 16. Bd3 Bxd3 17. Qxd3 Ng6 18. a4 h6 19. e6 Qe7 20. Re2 Bf4
21. Rae1 Rae8 22. exf7+ Qxf7 23. Rxe8 Rxe8 24. Rxe8+ Qxe8 25. Qc4+ Kh8 26. Qd3
Bxd2 27. Qxd2 Qe4 28. h3 Qf4 29. Qxf4 Nxf4 30. Kf1 Nd5 31. c4 Nb6 32. Nd2 Nxa4
33. Ke2 Kg8 34. Ke3 a5 35. Nb3 b6 36. Kd3 Nb2+ 37. Kc3 Nd1+ 38. Kd3 Nxf2+ 39.
Ke3 Nd1+ 40. Ke4 a4 41. Nc1 Nb2 42. d5 cxd5+ 43. cxd5 Kf7 44. Kd4 Ke7 45. Na2
a3 46. Nc3 Nd1 47. Na2 Kd6 48. Nb4 b5 49. Na2 Nb2 50. Nc3 b4 51. Na2 b3 52. Nc1
a2 53. Nxb3 Na4 54. g3 Nb6 55. Kc3 Kxd5 56. Kb2 Ke4 57. Nd2+ Ke3 58. Nb3 Kf3
59. Nd4+ Kxg3 60. Nf5+ Kxh3 61. Nxg7 Kg4 62. Kxa2 Kg5 63. Kb2 Kg6 64. Ne6 h5
65. Nf4+ 1/2-1/2

[Event "East Detroit (MCO/1/47)"]
[Site "?"]
[Date "1985.??.??"]
[Round "?"]
[White "Falkowski, Kenneth"]
[Black "Riggins, D.."]
[Result "1-0"]
[WhiteElo "1605"]
[BlackElo "2065"]
[PlyCount "91"]
[EventDate "1985.??.??"]

{1/(47)} 1. d4 Nf6 2. c4 e5 3. dxe5 Ng4 4. e6 fxe6 5. Nf3 Bc5 6. e3 O-O 7. h3
Nf6 8. Be2 d6 9. b3 e5 10. O-O Qe8 11. Nc3 a6 12. Nd5 Nxd5 13. cxd5 Nd7 14. Bb2
Nf6 15. Qc2 Nxd5 16. Bc4 c6 17. e4 Qg6 18. Nh4 Qh5 19. exd5 Qxh4 20. dxc6+ Kh8
21. Bd5 bxc6 22. Bxc6 Bf5 23. Qc4 Rac8 24. Qxh4 Rxc6 25. Bc1 Bd4 26. Be3 Bxa1
27. Rxa1 Bg6 28. Rc1 Rxc1+ 29. Bxc1 d5 30. Bb2 d4 31. Qg5 Re8 32. f4 d3 33.
fxe5 Kg8 34. Qe3 Re6 35. b4 Kf7 36. a4 Ke8 37. Qe4 Re7 38. Bc1 Rd7 39. Qe3 Bf5
40. b5 axb5 41. axb5 h5 42. b6 g6 43. Bd2 Ke7 44. Qc5+ Ke6 45. Qc6+ Kxe5 46.
Qxd7 1-0

[Event "East Detroit (MCO/2/22)"]
[Site "?"]
[Date "1985.??.??"]
[Round "?"]
[White "Falkowski, Kenneth"]
[Black "Garwood, B.."]
[Result "0-1"]
[WhiteElo "1605"]
[BlackElo "1955"]
[PlyCount "68"]
[EventDate "1985.??.??"]

{2/(22)} 1. d4 d5 2. c4 Nf6 3. Nc3 c6 4. cxd5 cxd5 5. Nf3 Bf5 6. Bg5 e6 7. e3
Be7 8. Bxf6 Bxf6 9. Qa4+ Nc6 10. Rc1 O-O 11. Be2 Qb6 12. Rc2 Bxc2 13. Qxc2 Rac8
14. Bd3 g6 15. O-O Nb4 16. Qb1 Nxd3 17. Qxd3 Qxb2 18. Na4 Qxa2 19. Nc5 Rc7 20.
Rb1 b6 21. Nb3 Rfc8 22. Nbd2 Rc3 23. Qb5 Qxb1+ 24. Qxb1 Rc1+ 25. Qxc1 Rxc1+ 26.
Nf1 a5 27. N3d2 a4 28. f4 Be7 29. Kf2 Bb4 30. Ke2 Rc2 31. Kd3 Rxd2+ 32. Nxd2
Bxd2 33. Kxd2 h5 34. h3 h4 0-1

[Event "East Lansing (MI Op/2/21)"]
[Site "?"]
[Date "1985.??.??"]
[Round "?"]
[White "Everett, Morgan"]
[Black "Martin, S.."]
[Result "1-0"]
[WhiteElo "2120"]
[BlackElo "1730"]
[PlyCount "31"]
[EventDate "1985.??.??"]

{2/(21)} 1. e4 Nf6 2. e5 Nd5 3. Nf3 d6 4. Bc4 dxe5 5. Nxe5 e6 6. d4 Nd7 7. O-O
Bd6 8. Qe2 c5 9. Nxd7 Kxd7 10. dxc5 Bxc5 11. Rd1 Kc7 12. Bxd5 exd5 13. Bf4+ Kc6
14. Nc3 a6 15. Rxd5 Qf6 16. Rxc5+ 1-0

[Event "Westland (SEMO/4/9)"]
[Site "?"]
[Date "1985.??.??"]
[Round "?"]
[White "Everett, Morgan"]
[Black "Demetruk, D.."]
[Result "0-1"]
[WhiteElo "2120"]
[BlackElo "1900"]
[PlyCount "92"]
[EventDate "1985.??.??"]

{4/(9)} 1. e4 c5 2. Nf3 d6 3. d4 cxd4 4. Nxd4 Nf6 5. Nc3 g6 6. Be2 Bg7 7. O-O
Nc6 8. Nb3 O-O 9. Bg5 Be6 10. f4 a6 11. Bf3 Rc8 12. Nd5 Bxd5 13. exd5 Qb6+ 14.
Kh1 Na5 15. Nxa5 Qxa5 16. c3 b5 17. Re1 Rfe8 18. Qd3 Rc4 19. f5 Qc7 20. fxg6
hxg6 21. Rac1 Nd7 22. Qd2 Ne5 23. Qe2 Rc8 24. g3 Qd7 25. Bg2 R8c7 26. Be3 Qg4
27. Qxg4 Nxg4 28. Bb6 Rb7 29. Bg1 Bh6 30. Rcd1 Ne5 31. Rxe5 dxe5 32. d6 Rd7 33.
dxe7 Rxe7 34. Rd8+ Kg7 35. Bd5 Rcc7 36. Ra8 Rcd7 37. Bb3 e4 38. Bd4+ Rxd4 39.
cxd4 e3 40. Bd1 e2 41. Bxe2 Rxe2 42. Rxa6 Rxb2 43. Rb6 Be3 44. a4 Bxd4 45. Rxb5
Rxb5 46. axb5 Kf6 0-1

[Event "Westland (SEMO/2/10)"]
[Site "?"]
[Date "1985.??.??"]
[Round "?"]
[White "Everett, Morgan"]
[Black "Chandler, P.."]
[Result "1-0"]
[WhiteElo "2120"]
[BlackElo "1925"]
[PlyCount "58"]
[EventDate "1985.??.??"]

{2/(10)} 1. e4 c5 2. Nf3 d6 3. d4 cxd4 4. Nxd4 Nf6 5. Nc3 a6 6. Bg5 e6 7. f4
Be7 8. Qf3 Qc7 9. O-O-O b5 10. f5 e5 11. Bxf6 Bxf6 12. Nd5 Bg5+ 13. Kb1 Qd8 14.
Nb3 Nc6 15. Be2 Ne7 16. f6 Nxd5 17. fxg7 Rg8 18. Rxd5 Be6 19. Rd3 Qe7 20. Rhd1
Rd8 21. Nd2 Rxg7 22. Nf1 f5 23. Ng3 fxe4 24. Qxe4 Qc7 25. Bh5+ Kf8 26. Nf5 Bxf5
27. Qxf5+ Ke7 28. Bg4 Qd7 29. Qxd7+ Rxd7 1-0

[Event "East Lansing (MI Op/6/27)"]
[Site "?"]
[Date "1985.??.??"]
[Round "?"]
[White "Eagle, Chris"]
[Black "Turner, Darrell"]
[Result "1/2-1/2"]
[WhiteElo "1940"]
[BlackElo "1865"]
[PlyCount "70"]
[EventDate "1985.??.??"]

{6/(27)} 1. e4 d6 2. d4 Nf6 3. Nc3 g6 4. f4 Bg7 5. Nf3 O-O 6. h4 Bg4 7. Be2 Nc6
8. Be3 Nh5 9. Ng5 Bxe2 10. Nxe2 e5 11. d5 exf4 12. Nxf4 Nxf4 13. Bxf4 Ne5 14.
h5 h6 15. Nf3 Nxf3+ 16. gxf3 Qf6 17. Bd2 g5 18. Bc3 Qf4 19. Bxg7 Kxg7 20. Qd4+
Kg8 21. Ke2 Rae8 22. Qe3 Qxe3+ 23. Kxe3 f5 24. Raf1 fxe4 25. fxe4 Rxf1 26. Rxf1
Rf8 27. Rxf8+ Kxf8 28. Kd4 Kf7 29. e5 dxe5+ 30. Kxe5 Ke7 31. b3 b5 32. c4 b4
33. c5 a6 34. Kf5 Kd7 35. Ke5 Ke7 1/2-1/2

[Event "East Lansing (MI Op/1a/1)"]
[Site "?"]
[Date "1985.??.??"]
[Round "?"]
[White "Eagle, Chris"]
[Black "Segerstrom, P.."]
[Result "0-1"]
[WhiteElo "1940"]
[BlackElo "2175"]
[PlyCount "56"]
[EventDate "1985.??.??"]

1. e4 e5 2. Nf3 Nc6 3. d4 exd4 4. Bc4 Nf6 5. O-O Nxe4 6. Re1 d5 7. Bxd5 Qxd5 8.
Nc3 Qa5 9. Nxe4 Be7 10. Bd2 Qf5 11. Nh4 Qg4 12. Bg5 Qxd1 13. Raxd1 f6 14. Bf4
O-O 15. Nf3 Bg4 16. Bxc7 Bxf3 17. gxf3 Rac8 18. Bd6 Bxd6 19. Nxd6 Rc7 20. Nb5
Rd7 21. c3 d3 22. Re3 Rfd8 23. Kg2 a6 24. Nd4 Ne5 25. b3 Rc8 26. f4 Ng6 27. Kf3
Rxc3 28. Rexd3 Rxd4 0-1

[Event "East Lansing (MI Op/3/17)"]
[Site "?"]
[Date "1985.??.??"]
[Round "?"]
[White "Eagle, Chris"]
[Black "Rogan, M.."]
[Result "0-1"]
[WhiteElo "1940"]
[BlackElo "2065"]
[PlyCount "38"]
[EventDate "1985.??.??"]

{3/(17)} 1. e4 e6 2. d4 d5 3. Nc3 Bb4 4. e5 c5 5. a3 Ba5 6. Nf3 Nc6 7. Be3 Nge7
8. Be2 Nf5 9. O-O cxd4 10. Nxd4 Nxe3 11. fxe3 Nxe5 12. b4 Bc7 13. e4 O-O 14.
Kh1 Nc4 15. Rf3 Be5 16. exd5 exd5 17. Bxc4 dxc4 18. Nde2 Qxd1+ 19. Rxd1 Bg4 0-1

[Event "East Detroit (MCO/2/19)"]
[Site "?"]
[Date "1985.??.??"]
[Round "?"]
[White "Eagle, Chris"]
[Black "Keeley, G.."]
[Result "1-0"]
[WhiteElo "1960"]
[BlackElo "1605"]
[PlyCount "41"]
[EventDate "1985.??.??"]

{2/(19)} 1. e4 e5 2. Nf3 Nc6 3. d4 exd4 4. Bc4 Bc5 5. O-O Nge7 6. Ng5 Ne5 7.
Bb3 d6 8. f4 d3+ 9. Kh1 dxc2 10. Qxc2 Ng4 11. Nxf7 Qd7 12. Nxh8 d5 13. Qxc5 b6
14. Qd4 Qd6 15. Nc3 Qh6 16. h3 Nf6 17. f5 Qh4 18. Nxd5 Nxf5 19. Nxc7+ Ke7 20.
Qe5+ Kf8 21. exf5 1-0

[Event "East Detroit (MCO/4/19)"]
[Site "?"]
[Date "1985.??.??"]
[Round "?"]
[White "Eagle, Chris"]
[Black "Haakonstad, Olaf"]
[Result "1-0"]
[WhiteElo "1960"]
[BlackElo "1705"]
[PlyCount "25"]
[EventDate "1985.??.??"]

{4/(19)} 1. e4 e5 2. Nf3 Nc6 3. d4 exd4 4. Bc4 Nf6 5. O-O d5 6. exd5 Nxd5 7.
Ng5 h6 8. Nxf7 Kxf7 9. Qf3+ Qf6 10. Bxd5+ Be6 11. Bxe6+ Kxe6 12. Re1+ Kf7 13.
Qd5+ 1-0

[Event "Westland (SEMO/3/10)"]
[Site "?"]
[Date "1985.??.??"]
[Round "?"]
[White "Eagle, Chris"]
[Black "Groisser, D.."]
[Result "1-0"]
[WhiteElo "1940"]
[BlackElo "2055"]
[PlyCount "61"]
[EventDate "1985.??.??"]

{3/(10)} 1. e4 e6 2. d4 d5 3. Nc3 Bb4 4. Qg4 Ne7 5. e5 c5 6. a3 Bxc3+ 7. bxc3
Qc7 8. Qxg7 Rg8 9. Qxh7 cxd4 10. Ne2 dxc3 11. Qd3 Qxe5 12. Bf4 Qf5 13. Qxf5
Nxf5 14. Nxc3 f6 15. h4 Rg4 16. g3 Ne7 17. h5 Kf7 18. f3 Rg8 19. g4 e5 20. Bd2
Nbc6 21. Nb5 a6 22. Nd6+ Ke6 23. Nxc8 Raxc8 24. c3 Kf7 25. Rb1 Rc7 26. Be2 Na5
27. f4 exf4 28. Bxf4 Rxc3 29. Rf1 Kg7 30. g5 fxg5 31. Be5+ 1-0

[Event "Westland (SEMO/1a/4)"]
[Site "?"]
[Date "1985.??.??"]
[Round "?"]
[White "Eagle, Chris"]
[Black "Everett, Morgan"]
[Result "1/2-1/2"]
[WhiteElo "1940"]
[BlackElo "2120"]
[PlyCount "33"]
[EventDate "1985.??.??"]

1. e4 e5 2. Nf3 Nc6 3. d4 exd4 4. Bc4 Nf6 5. O-O Nxe4 6. Re1 d5 7. Bxd5 Qxd5 8.
Nc3 Qh5 9. Nxe4 Be6 10. Bg5 Bd6 11. Nxd6+ cxd6 12. Bf4 Qd5 13. c3 O-O 14. Nxd4
Nxd4 15. Qxd4 Qxd4 16. cxd4 d5 17. Rec1 1/2-1/2

[Event "East Detroit (MCO/6/8)"]
[Site "?"]
[Date "1985.??.??"]
[Round "?"]
[White "Eagle, Chris"]
[Black "Brooks, John"]
[Result "0-1"]
[WhiteElo "1960"]
[BlackElo "2140"]
[PlyCount "66"]
[EventDate "1985.??.??"]

{6/(8)} 1. e4 c6 2. d4 d5 3. exd5 cxd5 4. c4 Nf6 5. c5 Nc6 6. Bb5 Qa5+ 7. Nc3
Ne4 8. Nge2 a6 9. Bxc6+ bxc6 10. Bf4 g5 11. Bd2 Nxd2 12. Qxd2 g4 13. O-O h5 14.
Rae1 Bh6 15. Nf4 Bf5 16. Qe2 e6 17. Nd3 Qc7 18. Qe5 Qxe5 19. Nxe5 Rc8 20. f3
Kf8 21. fxg4 hxg4 22. g3 Rc7 23. Na4 Kg7 24. Nb6 Rd8 25. h3 gxh3 26. Kh2 f6 27.
g4 Be4 28. Nf3 Bf4+ 29. Kxh3 Rh8+ 30. Kg2 Kg6 31. Rh1 Rch7 32. Rxh7 Rxh7 33.
Kf2 Rh3 0-1

[Event "Westland (SEMO Res/4/29)"]
[Site "?"]
[Date "1985.??.??"]
[Round "?"]
[White "Duncan, Robert"]
[Black "Thomas, Jeff"]
[Result "0-1"]
[WhiteElo "1605"]
[BlackElo "1605"]
[PlyCount "32"]
[EventDate "1985.??.??"]

{4/(29)} 1. d4 d5 2. Nf3 Bg4 3. Nbd2 g6 4. g3 Qd7 5. Ne5 Qe6 6. h3 Bf5 7. g4
Be4 8. f3 f6 9. fxe4 fxe5 10. Nf3 Bg7 11. Qd3 Nc6 12. dxe5 Bxe5 13. Nxe5 Qxe5
14. exd5 Qf6 15. dxc6 Rd8 16. Qc3 Qh4+ 0-1

[Event "Westland (SEMO Res/2/22)"]
[Site "?"]
[Date "1985.??.??"]
[Round "?"]
[White "Duncan, Robert"]
[Black "Bachmayer, C.."]
[Result "1-0"]
[WhiteElo "1605"]
[BlackElo "1765"]
[PlyCount "83"]
[EventDate "1985.??.??"]

{2/(22)} 1. d4 Nf6 2. Nf3 g6 3. g3 Bg7 4. Bg2 O-O 5. Nbd2 d6 6. O-O Nbd7 7. c3
c6 8. Re1 a6 9. b4 b5 10. Nb3 Qc7 11. Na5 Nb6 12. Nd2 Bd7 13. Ndb3 Rac8 14. e4
e5 15. dxe5 dxe5 16. Nc5 Qa7 17. f3 Na4 18. Be3 Nb6 19. Qc2 Rfd8 20. Rad1 Be8
21. Bh3 Rxd1 22. Rxd1 Rc7 23. Qf2 Qa8 24. Nxa6 Qxa6 25. Bxb6 Re7 26. Rd8 Bf8
27. Bc8 Qa8 28. Bb7 Qxd8 29. Bxd8 Rd7 30. Bxf6 c5 31. Bd5 cxb4 32. Bxe5 bxc3
33. Qc2 Bc5+ 34. Kg2 b4 35. Nb3 Bb6 36. Bc6 Rd8 37. Bxe8 Rxe8 38. Bd6 Ba5 39.
Nxa5 Rd8 40. e5 f6 41. f4 fxe5 42. fxe5 1-0

[Event "Westland (SEMO Res/1b/24)"]
[Site "?"]
[Date "1985.??.??"]
[Round "?"]
[White "Downing, J.."]
[Black "Robinson, S.."]
[Result "0-1"]
[WhiteElo "1605"]
[BlackElo "1605"]
[PlyCount "24"]
[EventDate "1985.??.??"]

1. e4 e5 2. Nf3 Nf6 3. Nc3 Nc6 4. Bb5 Bc5 5. Bxc6 dxc6 6. Nxe5 Bxf2+ 7. Kf1 Bd4
8. Nc4 O-O 9. e5 Be6 10. Ne2 Bxc4 11. exf6 Qxf6+ 12. Ke1 Qf2# 0-1

[Event "Westland (SEMO Res/5/38)"]
[Site "?"]
[Date "1985.??.??"]
[Round "?"]
[White "Downing, J.."]
[Black "Krzyston, Joe"]
[Result "1-0"]
[WhiteElo "1605"]
[BlackElo "1605"]
[PlyCount "83"]
[EventDate "1985.??.??"]

{5/(38)} 1. e4 e5 2. Nf3 Nc6 3. Bb5 a6 4. Bxc6 bxc6 5. O-O Qe7 6. d3 Nf6 7. Nc3
d6 8. d4 Bg4 9. dxe5 Qxe5 10. h3 Bxh3 11. Nxe5 Bxg2 12. Kxg2 dxe5 13. f3 Be7
14. f4 Bd6 15. fxe5 Bxe5 16. Bg5 O-O 17. Rh1 Rad8 18. Qe2 Rd6 19. Bxf6 Rxf6 20.
Qh5 Rg6+ 21. Kf1 Rh6 22. Qxh6 gxh6 23. Rxh6 f6 24. Ke2 Kg7 25. Rah1 Rh8 26. Nd1
Bf4 27. R6h4 Bg5 28. Rg1 Re8 29. Nf2 h6 30. Rh3 f5 31. Re3 Kf6 32. Rc3 Re6 33.
Kf3 Bd2 34. Rd3 Bg5 35. exf5 Kxf5 36. Rd7 Re3+ 37. Kg2 Bh4 38. Rf7+ Kg6 39.
Rxc7 Rg3+ 40. Kf1 Kh5 41. Rxg3 Bxg3 42. Rxc6 1-0

[Event "East Detroit (MCO/2/46)"]
[Site "?"]
[Date "1985.??.??"]
[Round "?"]
[White "Dmuchowski, Frank"]
[Black "Thornton, Ivan"]
[Result "1-0"]
[WhiteElo "1605"]
[BlackElo "1605"]
[PlyCount "120"]
[EventDate "1985.??.??"]

{2/(46)} 1. d4 c5 2. c4 b6 3. d5 Na6 4. e4 d6 5. f4 Nf6 6. Nc3 e6 7. Nf3 e5 8.
fxe5 Ng4 9. Bf4 dxe5 10. Nxe5 Nxe5 11. Bxe5 Bd7 12. a3 Qg5 13. Bg3 Bg4 14. Be2
Qe3 15. Bf2 Bxe2 16. Qxe2 Qxe2+ 17. Nxe2 Bd6 18. Bg3 Be7 19. O-O-O O-O 20. Rhf1
Rfe8 21. Nc3 Rad8 22. Nb5 Rd7 23. e5 Nc7 24. Nxa7 f5 25. e6 Nxe6 26. dxe6 Rxa7
27. Rd7 Bg5+ 28. Bf4 Bxf4+ 29. Rxf4 Rxd7 30. exd7 Rd8 31. Rxf5 Rxd7 32. g3 Rd4
33. Rf4 Rd3 34. Kc2 Rd6 35. b4 cxb4 36. axb4 g5 37. Rf5 Rh6 38. Rxg5+ Kf7 39.
h4 Rf6 40. g4 Rf2+ 41. Kd3 Rh2 42. Rf5+ Ke6 43. h5 Rg2 44. Rb5 Rg3+ 45. Kc2
Rxg4 46. Rxb6+ Kf7 47. c5 h6 48. Kb3 Rh4 49. Rxh6 Kg7 50. Rg6+ Kh7 51. Rg5 Kh6
52. Rd5 Re4 53. Rf5 Re6 54. Kc4 Kg7 55. Kd5 Re8 56. b5 Rd8+ 57. Kc6 Rc8+ 58.
Kd7 Rh8 59. c6 Rh7 60. Kc8 Kh6 1-0

[Event "East Detroit (MCO/3/35)"]
[Site "?"]
[Date "1985.??.??"]
[Round "?"]
[White "Dmuchowski, Frank"]
[Black "Steverson, Bunnard"]
[Result "1/2-1/2"]
[WhiteElo "1605"]
[BlackElo "1740"]
[PlyCount "122"]
[EventDate "1985.??.??"]

{3/(35)} 1. d4 Nf6 2. c4 g6 3. Nf3 d5 4. Nc3 Bg7 5. Bf4 a6 6. e3 c6 7. Bd3 O-O
8. O-O Nh5 9. Be5 f6 10. Bg3 Nxg3 11. fxg3 e5 12. cxd5 cxd5 13. e4 dxe4 14.
Bxe4 Qb6 15. Na4 Qd6 16. dxe5 Qxd1 17. Raxd1 fxe5 18. Bd5+ Kh8 19. Nb6 Ra7 20.
Nxc8 Rxc8 21. Rc1 Nc6 22. Ng5 h6 23. Ne6 Raa8 24. Rf7 Nd8 25. Rfc7 Rxc7 26.
Rxc7 Nxe6 27. Bxe6 Rd8 28. Rc8 Rxc8 29. Bxc8 e4 30. Bxb7 Bd4+ 31. Kf1 e3 32.
Bxa6 Bxb2 33. Ke2 Bd4 34. Kd3 Bc5 35. Ke4 Kg7 36. Bc4 Kf6 37. Kf4 h5 38. g4 g5+
39. Kf3 h4 40. h3 Ke5 41. g3 Kd4 42. Bb5 hxg3 43. Kxg3 Bd6+ 44. Kf3 Ba3 45. Ba6
Bc1 46. a4 Bd2 47. Ke2 Ke4 48. Bb7+ Kf4 49. Bg2 Ba5 50. Bf1 Bb6 51. Kd3 Kg3 52.
a5 Ba7 53. Ke4 Kf2 54. Bd3 e2 55. Bxe2 Kxe2 56. Kf5 Be3 57. a6 Kf3 58. a7 Bxa7
59. Kxg5 Be3+ 60. Kh5 Kg3 61. h4 Kf4 1/2-1/2

[Event "East Detroit (MCO/6/25)"]
[Site "?"]
[Date "1985.??.??"]
[Round "?"]
[White "Dmuchowski, Frank"]
[Black "Levadi, David"]
[Result "0-1"]
[WhiteElo "1605"]
[BlackElo "1755"]
[PlyCount "122"]
[EventDate "1985.??.??"]

{6/(25)} 1. d4 d5 2. c4 Nf6 3. Nc3 c5 4. cxd5 Nxd5 5. e4 Nxc3 6. bxc3 cxd4 7.
cxd4 e6 8. Nf3 Bb4+ 9. Bd2 Qa5 10. Bxb4 Qxb4+ 11. Qd2 Qxd2+ 12. Nxd2 Bd7 13.
Nc4 Bc6 14. f3 Ke7 15. Na5 b6 16. Nxc6+ Nxc6 17. d5 exd5 18. exd5 Nb4 19. O-O-O
Nxa2+ 20. Kb2 Nb4 21. Kb3 a5 22. Bc4 Kd6 23. Rhe1 Rhe8 24. Re4 f5 25. Re6+ Kc5
26. f4 b5 27. Bf1 a4+ 28. Ka3 Nc2+ 29. Kb2 Nd4 30. Re5 Rxe5 31. fxe5 Kxd5 32.
Bxb5 Rb8 33. Kc3 Rc8+ 34. Kb4 a3 35. Kxa3 Kxe5 36. Bd3 Nc2+ 37. Kb3 Ne3 38. Rd2
h6 39. g3 g5 40. Re2 f4 41. Bg6 Rc1 42. Bh5 Kf5 43. Rf2 Rf1 44. Re2 Rg1 45.
gxf4 gxf4 46. Bf3 Rf1 47. Bc6 Rb1+ 48. Rb2 Rxb2+ 49. Kxb2 Kg4 50. Kc3 Kh3 51.
Kd3 Kxh2 52. Ke2 Kg3 53. Bf3 Ng4 54. Ba8 h5 55. Bb7 h4 56. Ba8 Nh2 57. Bb7 f3+
58. Ke3 f2 59. Ba6 f1=Q 60. Bxf1 Nxf1+ 61. Ke2 Kg2 0-1

[Event "East Detroit (MCO/2/30)"]
[Site "?"]
[Date "1985.??.??"]
[Round "?"]
[White "Dinda, B.."]
[Black "Levadi, David"]
[Result "0-1"]
[WhiteElo "1605"]
[BlackElo "1755"]
[PlyCount "66"]
[EventDate "1985.??.??"]

{2/(30)} 1. e4 e5 2. Nc3 Nf6 3. Nge2 Bb4 4. f4 d5 5. fxe5 Nxe4 6. Nxe4 dxe4 7.
c3 Be7 8. Qa4+ Bd7 9. Qxe4 Bc6 10. Qe3 Bg5 11. Nf4 O-O 12. d4 Nd7 13. Bd2 Bh4+
14. Kd1 Re8 15. Rg1 Nb6 16. g3 Bg5 17. h4 Bh6 18. Bg2 Nc4 19. Qe2 Bb5 20. Qf2
Nxb2+ 21. Kc2 Nc4 22. a4 Bd7 23. Rgf1 Nxd2 24. Kxd2 c5 25. Ke1 Qa5 26. Ne2 Re7
27. Bd5 cxd4 28. Qxd4 Bh3 29. Rf2 Rd8 30. Rd1 Be6 31. Nf4 Bxf4 32. gxf4 Rxd5
33. Rfd2 Rxd4 0-1

[Event "Westland (SEMO/3/6)"]
[Site "?"]
[Date "1985.??.??"]
[Round "?"]
[White "Demetruk, D.."]
[Black "Noren, Kevin"]
[Result "0-1"]
[WhiteElo "1900"]
[BlackElo "2125"]
[PlyCount "83"]
[EventDate "1985.??.??"]

{3/(6)} 1. e4 e5 2. f4 exf4 3. Nf3 d6 4. d4 g5 5. Bc4 h6 6. O-O Bg7 7. c3 Ne7
8. g3 g4 9. Nh4 f3 10. Nxf3 gxf3 11. Qxf3 O-O 12. Bxf7+ Kh7 13. Qh5 Ng8 14. Be3
Nc6 15. Nd2 Bd7 16. Bxg8+ Kxg8 17. Bxh6 Qe7 18. Bg5 Rxf1+ 19. Rxf1 Qe8 20. Qh4
Qg6 21. Nf3 Rf8 22. Kg2 Qh7 23. Qxh7+ Kxh7 24. Bf4 Bh6 25. Nh4 Ne7 26. Kf3 Ng6
27. Nxg6 Kxg6 28. Ke3 Bc6 29. Rf2 Bg7 30. g4 Re8 31. d5 Bxd5 32. h4 Bxe4 33.
h5+ Kh7 34. Kd2 Rf8 35. g5 Bc6 36. g6+ Kg8 37. Ke1 Bf6 38. h6 Bh4 39. h7+ Kh8
40. Ke2 Bxf2 41. Bh6 Bb5+ 42. Kd2 0-1

[Event "Westland (SEMO/2/6)"]
[Site "?"]
[Date "1985.??.??"]
[Round "?"]
[White "Demetruk, D.."]
[Black "Linn, Peter"]
[Result "1/2-1/2"]
[WhiteElo "1900"]
[BlackElo "2220"]
[PlyCount "88"]
[EventDate "1985.??.??"]

{2/(6)} 1. e4 e6 2. d3 d5 3. Nd2 c5 4. Ngf3 Nc6 5. g3 Bd6 6. Bg2 Nge7 7. c3 O-O
8. O-O Qc7 9. Ne1 f5 10. f4 Qd8 11. e5 Bc7 12. Ndf3 Bd7 13. b3 Be8 14. Bb2 Bh5
15. Qc2 Rc8 16. c4 Bb6 17. Qf2 Qd7 18. Nc2 Rfd8 19. Kh1 Nb4 20. Nxb4 cxb4 21.
Bd4 Bxd4 22. Qxd4 Nc6 23. Qf2 dxc4 24. dxc4 Qd3 25. Rfe1 Qd7 26. Qf1 Qe7 27.
Rad1 Rc7 28. Re3 Rcd7 29. Red3 h6 30. R1d2 Kf8 31. Qd1 Rxd3 32. Rxd3 Rxd3 33.
Qxd3 Qd8 34. Qxd8+ Nxd8 35. Nd4 Be8 36. Nc2 a5 37. Kg1 Bc6 38. Bxc6 Nxc6 39.
Kf2 Ke7 40. Ke3 Kd7 41. Kd3 Kc7 42. c5 b5 43. cxb6+ Kxb6 44. Kc4 g6 1/2-1/2

[Event "Westland (SEMO/5/8)"]
[Site "?"]
[Date "1985.??.??"]
[Round "?"]
[White "Demetruk, D.."]
[Black "Groisser, D.."]
[Result "0-1"]
[WhiteElo "1900"]
[BlackElo "2055"]
[PlyCount "100"]
[EventDate "1985.??.??"]

{5/(8)} 1. e4 e6 2. d3 c5 3. Nf3 Nc6 4. g3 g6 5. Bg2 Bg7 6. O-O Nge7 7. Nbd2
O-O 8. c3 d6 9. Re1 Rb8 10. Nf1 b5 11. d4 cxd4 12. cxd4 a6 13. Be3 h6 14. Qd2
Kh7 15. Rac1 Bb7 16. Rc2 Na5 17. b3 Bxe4 18. Ng5+ hxg5 19. Bxe4 d5 20. Bg2 Nac6
21. Rec1 Qd7 22. Bxg5 Rbc8 23. Bxe7 Nxe7 24. Rxc8 Rxc8 25. Rxc8 Qxc8 26. Ne3
Qc7 27. Nc2 Nc6 28. Qc3 Qb6 29. Qc5 Bxd4 30. Qxb6 Bxb6 31. Kf1 Kg7 32. Ke2 Kf6
33. f4 Ke7 34. h3 Bc5 35. Bf3 Kf6 36. Bg2 g5 37. fxg5+ Kxg5 38. Bh1 Ne7 39. Kf3
f5 40. Bg2 e5 41. Bf1 e4+ 42. Kg2 d4 43. b4 d3 44. Na1 Bxb4 45. Nb3 Nd5 46. h4+
Kg6 47. Kg1 Nc3 48. Kf2 Nxa2 49. Ke3 Nc3 50. g4 fxg4 0-1

[Event "East Detroit (MCO/3/22)"]
[Site "?"]
[Date "1985.??.??"]
[Round "?"]
[White "DeJongh, John"]
[Black "Krevinko, S.."]
[Result "1/2-1/2"]
[WhiteElo "1615"]
[BlackElo "1940"]
[PlyCount "128"]
[EventDate "1985.??.??"]

{3/(22)} 1. d4 Nf6 2. c4 e6 3. Nc3 Bb4 4. Nf3 O-O 5. e3 d5 6. Qc2 Ne4 7. Bd3 f5
8. O-O Bxc3 9. bxc3 Nd7 10. cxd5 exd5 11. c4 c6 12. Ba3 Rf6 13. cxd5 cxd5 14.
Rac1 Rc6 15. Qb2 Nb6 16. Rxc6 bxc6 17. Ne5 Bd7 18. f3 Nf6 19. Qc2 g6 20. Nxc6
Bxc6 21. Qxc6 Kg7 22. Rc1 Rc8 23. Qb7+ Qd7 24. Qxd7+ Nfxd7 25. Rxc8 Nxc8 26.
Ba6 Ncb6 27. Kf2 Kf7 28. Bd6 Ke6 29. Bb4 Nb8 30. Bb7 Kd7 31. e4 Kc7 32. Bxd5
Nxd5 33. exd5 Nd7 34. Ke3 Nb6 35. d6+ Kc6 36. Bc5 Nd5+ 37. Kf2 a5 38. g3 a4 39.
Ke1 g5 40. Kd2 h5 41. Ba3 Nb6 42. Kd3 Kd5 43. Bc1 Kxd6 44. Bxg5 Kd5 45. Bf6 Nc4
46. h3 Nb2+ 47. Ke2 a3 48. g4 fxg4 49. fxg4 hxg4 50. hxg4 Na4 51. Kd2 Ke4 52.
Be5 Nb6 53. g5 Nc4+ 54. Kc3 Nxe5 55. dxe5 Kxe5 56. Kb3 Kf5 57. Kxa3 Kxg5 58.
Kb4 Kf6 59. a4 Ke7 60. Kb5 Kd7 61. Kb6 Kc8 62. Ka7 Kc7 63. a5 Kc8 64. a6 Kc7
1/2-1/2

[Event "East Detroit (MCO/1/12)"]
[Site "?"]
[Date "1985.??.??"]
[Round "?"]
[White "DeJongh, John"]
[Black "Finegold, Ron"]
[Result "0-1"]
[WhiteElo "1615"]
[BlackElo "2095"]
[PlyCount "62"]
[EventDate "1985.??.??"]

{1/(12)} 1. d4 b5 2. Nf3 e6 3. a3 c5 4. e3 a6 5. Be2 Bb7 6. O-O f5 7. Ne5 Nf6
8. Bf3 d5 9. b3 Qc7 10. Bb2 Bd6 11. Nd2 Bxe5 12. dxe5 Nfd7 13. Be2 Nxe5 14. f4
Ng6 15. Bxg7 Qxg7 16. c4 dxc4 17. Bf3 Ra7 18. bxc4 O-O 19. Qc2 b4 20. axb4 cxb4
21. Rab1 a5 22. Rb3 Bxf3 23. Rxf3 Nc6 24. Rf1 Rd8 25. c5 Qe7 26. Rc1 Rad7 27.
Rd1 Rd5 28. Rbb1 Qxc5 29. Qxc5 Rxc5 30. Nb3 Rxd1+ 31. Rxd1 Rc3 0-1